000 00923nam a2200229Ia 4500
003 OSt
005 20210407094522.0
008 210310s1960 mx gr 000 0 spa d
040 _aCO-JMCR
_cCO-JMCR
041 1 _aspa
_heng
082 0 4 _a658.85 /
_bL646n
_223
100 1 _aLeterman, Elmer G.,
_eautor
_925577
245 0 _aEl nuevo arte de vender /
_cElmer G. Leterman ; traducción, Sergio Piltol
250 _aPrimera edición
260 _aMéxico :
_bHerrero Hnos,
_c1960.
300 _b349 páginas ;
_c23 cm.
505 0 _aIdeas para las ventas creadoras. Qué son y cómo obtenerlas. -- Cómo poner a trabajar las ideas creadoras en las ventas. -- Cómo mantener vivas sus ideas creadoras. -- Cómo emplear las ideas creadoras en los diversos ramas de la práctica de ventas.
650 1 4 _aMercadeo
_925579
650 2 4 _aVentas.
_936671
700 1 _aPitol, Sergio,
_etraductor
_936672
942 _2ddc
_cBK
999 _c11459
_d11459